00780nam a2200193 a 4500001001000000005001700010008004100027050002200068100002100090245022900111260004500340300006300385500000700448650002300455650002500478650002700503700002600530700003000556BRCA_251520190320203839.0251108s1924----nyua---###---#000-0#eng-u 4aNK4085b.R12 19241 aRackham, Bernard10aEnglish Potterybits Development from Early Times to the end of the Eighteenth Centurycby Bernard Rackham and Herbert Read both of the Victoria and Albert Museum with an appendix on the Wrotham potters by J. W. L. Glaisher. aNew YorkbCharles Scribner´s Sonsc1924 axxiv, 142 p.bil. (algunas a color), 115 láminasc28 cm. aA614aCerámica inglesa14aCerámicaxHistoria14aWrotham, Cerámica de1 aRead, Herbertecoaut.1 aGlaisher, J. W. Lecoaut.